Известия Иркутской городской думы. Г.28 1913, Т.1, №9/10 (Запись № 2181094)

Подробности
000 -МАРКЕР
контрольное поле 02905nam2a22003011 4500
001 - ИДЕНТИФИКАТОР ЗАПИСИ
контрольное поле RU\NLR\INFOCOMM31\1000034116
005 - ИДЕНТИФИКАТОР ВЕРСИИ
контрольное поле 20250617043655.0
035 ## - ДРУГИЕ СИСТЕМНЫЕ НОМЕРА
Идентификатор записи (NLR Aleph) 002452991
100 ## - ДАННЫЕ ОБЩЕЙ ОБРАБОТКИ
Данные общей обработки 20040323d1913 |||y0rusy50 ca
101 0# - ЯЗЫК РЕСУРСА
Язык текста, звукозаписи и т.д. русский
102 ## - СТРАНА ПУБЛИКАЦИИ ИЛИ ПРОИЗВОДСТВА
Страна публикации Российская Федерация
105 ## - ПОЛЕ КОДИРОВАННЫХ ДАННЫХ: ТЕКСТОВЫЕ МАТЕРИАЛЫ, МОНОГРАФИЧЕСКИЕ
Кодированные данные о монографическом текстовом документе y |||||||||
200 0# - ЗАГЛАВИЕ И СВЕДЕНИЯ ОБ ОТВЕТСТВЕННОСТИ
Основное заглавие Г.28 1913, Т.1, №9/10
210 ## - ПУБЛИКАЦИЯ, РАСПРОСТРАНЕНИЕ И ДР.
Дата издания, распространения и т.д. 1913
Место издания, распространения и т.д. Б. м.
421 #1 - ПРИЛОЖЕНИЕ
Встроенное поле 2001#$aВыписка из протокола заседания городской Училищной комиссии от 17 декабря 1912 г.
-- 210##$a[Иркутск$d1913]
-- 215##$a2 с.
Заглавие Выписка из протокола заседания городской Училищной комиссии от 17 декабря 1912 г.
421 #1 - ПРИЛОЖЕНИЕ
Встроенное поле 2001#$aДоклад в Иркутскую городскую думу Комиссии о проверке отчетов Городской управы за 1901 год
-- 210##$a[Иркутск$d1913]
-- 215##$a19 с.
Заглавие Доклад в Иркутскую городскую думу Комиссии о проверке отчетов Городской управы за 1901 год
421 #1 - ПРИЛОЖЕНИЕ
Встроенное поле 2001#$aДоклад Ревизионной комиссии по заявлениям г. Меер о поставке городу дров, овса и сена
-- 210##$a[Иркутск$d1913]
-- 215##$a10, 2 с.
Заглавие Доклад Ревизионной комиссии по заявлениям г. Меер о поставке городу дров, овса и сена
421 #1 - ПРИЛОЖЕНИЕ
Встроенное поле 2001#$aПроект инструкции чинам торговой полиции, учрежденной при Иркутской городской управе на основании 126 ст. Городового положения издания 1892 года
-- 210##$a[Иркутск$d1913]
-- 215##$a2 с.
Заглавие Проект инструкции чинам торговой полиции, учрежденной при Иркутской городской управе на основании 126 ст. Городового положения издания 1892 года
421 #1 - ПРИЛОЖЕНИЕ
Встроенное поле 2001#$aПротокол заседания городской Училищной комиссии 30 января 1913 г.
-- 210##$a[Иркутск$d1913]
-- 215##$a6 с.
Заглавие Протокол заседания городской Училищной комиссии 30 января 1913 г.
461 #0 - УРОВЕНЬ НАБОРА
Встроенное поле 001RU\NLR\INFOCOMM31\1000033700
-- 2001#$aИзвестия Иркутской городской думы$vГ.28 1913, Т.1, №9/10
Системный номер (АБИС) связанной записи 2180744
Автор Иркутская городская дума
Место публикации Иркутск
Дата публикации 1886-1913
Заглавие Известия Иркутской городской думы
Номер тома Г.28 1913, Т.1, №9/10
801 #1 - ИСТОЧНИК ЗАПИСИ
Страна Российская Федерация
Организация InfoComm
Дата составления 20040323
801 #0 - ИСТОЧНИК ЗАПИСИ
Страна Российская Федерация
Организация NLR
Правила каталогизации PSBO
852 ## - МЕСТОНАХОЖДЕНИЕ И ШИФР ХРАНЕНИЯ
Идентификатор организации NLR
Шифр хранения (Call Number) 4/11
942 ## - ДОПОЛНИТЕЛЬНЫЕ ЭЛЕМЕНТЫ ЗАПИСИ (АБИС)
Тип экземпляра АБИС Выпуск
980 ## - КОЛЛЕКЦИЯ
Название коллекции Национальная библиография
980 ## - КОЛЛЕКЦИЯ
Название коллекции Русская периодика

Нет доступных экземпляров.